Central Library OPAC University of Rajshahi

فارسى عمومى : ساختارهاى پايه.;; Fārsī-i ʻumūmī 1 : sākhtārhā-yi pāyah ; Shūrā-yi Gustarish-i Zabān va Adabīyāt-i Fārsī./ / (Record no. 78779)

MARC details
000 -LEADER
fixed length control field 01143nam a2200253 a 4500
001 - CONTROL NUMBER
control field 78779
003 - CONTROL NUMBER IDENTIFIER
rucl marc code BD-RjUL
005 - DATE AND TIME OF LATEST TRANSACTION
control field 20231018110358.0
008 - FIXED-LENGTH DATA ELEMENTS--GENERAL INFORMATION
fixed length control field 211114s1990 ir ||||| |||| 00| 0 per d
020 ## - INTERNATIONAL STANDARD BOOK NUMBER
International Standard Book Number 9646371485
035 ## - SYSTEM CONTROL NUMBER
System control number (BD-RjUL)79006
040 ## - CATALOGING SOURCE
Original cataloging agency BD-RjUL
Language of cataloging eng
Transcribing agency BD-RjUL
041 ## - LANGUAGE CODE
Language code of text/sound track or separate title per
082 ## - DEWEY DECIMAL CLASSIFICATION NUMBER
Edition number 23
Classification number 891.555
Author mark and year MOF 1999
100 1# - MAIN ENTRY--PERSONAL NAME
Personal name moghaddam, ahmad saffar = مقدم, احمد صفار
9 (RLIN) 249964
245 10 - TITLE STATEMENT
Title فارسى عمومى : ساختارهاى پايه.;; Fārsī-i ʻumūmī 1 : sākhtārhā-yi pāyah ; Shūrā-yi Gustarish-i Zabān va Adabīyāt-i Fārsī./ /
Statement of responsibility, etc. احمد صفار مقدم = A. Ṣaffār Moghaddam
260 ## - PUBLICATION, DISTRIBUTION, ETC. (IMPRINT)
Place of publication, distribution, etc. Tihrān :
Name of publisher, distributor, etc. دبيرخانۀ شوراى گسترش زبان و ادبيات فارسى،;; Dabīrkhānah-i Shūrā-yi Gustarish-i Zabān va Adabīyāt-i Fārsī,
Date of publication, distribution, etc. 1999
300 ## - PHYSICAL DESCRIPTION
Pagination 14, 347, [1] pages :
Illustrations color illustrations ;
Size 24 cm
490 ## - SERIES STATEMENT
Series statement Persian textbook collection.
650 ## - SUBJECT ADDED ENTRY--TOPICAL TERM
Topical term or geographic name as entry element Persian language
Form subdivision Textbooks for foreign speakers -- English.
9 (RLIN) 249965
Topical term or geographic name as entry element Persian language.
9 (RLIN) 249966
830 ## - SERIES ADDED ENTRY--UNIFORM TITLE
Uniform title Persian textbook collection.
942 ## - ADDED ENTRY ELEMENTS (KOHA)
Source of classification or shelving scheme Dewey Decimal Classification
Koha item type Books
Holdings
Lost status Source of classification or shelving scheme Damaged status Not for loan Collection code Permanent Location Current Location Shelving location Date acquired Source of acquisition Cost, normal purchase price Total Checkouts Full call number Date last seen Copy number Koha item type
  Dewey Decimal Classification   Not For Loan Non-fiction Central Library, University of Rajshahi Central Library, University of Rajshahi Reading Room 10/07/2007 paragon 3.00   F 491.555 MOF 1999 14/11/2021 C-1 Books
  Dewey Decimal Classification     Non-fiction Central Library, University of Rajshahi Central Library, University of Rajshahi General Stacks 10/07/2007 paragon International , Dhaka 3.00   F 491.555 MOF 1999 18/10/2023 C-2 Books
  Dewey Decimal Classification     Non-fiction Central Library, University of Rajshahi Central Library, University of Rajshahi General Stacks 10/07/2007 paragon International , Dhaka 3.00   F 491.555 MOF 1999 18/10/2023 C-3 Books
  Dewey Decimal Classification     Non-fiction Central Library, University of Rajshahi Central Library, University of Rajshahi General Stacks 10/07/2007 paragon International , Dhaka 3.00   F 491.555 MOF 1999 18/10/2023 C-4 Books
  Dewey Decimal Classification     Non-fiction Central Library, University of Rajshahi Central Library, University of Rajshahi General Stacks 10/07/2007 paragon International , Dhaka 3.00   F 491.555 MOF 1999 18/10/2023 C-5 Books
  Dewey Decimal Classification     Non-fiction Central Library, University of Rajshahi Central Library, University of Rajshahi General Stacks 10/07/2007 paragon International , Dhaka 3.00   F 491.555 MOF 1999 18/10/2023 C-6 Books
  Dewey Decimal Classification     Non-fiction Central Library, University of Rajshahi Central Library, University of Rajshahi General Stacks 10/07/2007 paragon International , Dhaka 3.00   F 491.555 MOF 1999 18/10/2023 C-7 Books
  Dewey Decimal Classification     Non-fiction Central Library, University of Rajshahi Central Library, University of Rajshahi General Stacks 11/08/2007 Iran Embassy, Dhaka     F 891.555 MOF 1999 30/10/2023 C-8 Books